00868cam a2200241 a 450000100100000000500170001000800410002704000250006804100130009308200170010610000370012324000370016024500880019726000330028530000210031844000170033953400450035665000260040165000300042770000340045795201200049199900150061100000473120200929151507.0830910s1961 sp 000 0 spa  aDO-SdBNPbspacBNPHU17aspahfre a843.5bC846a1 aCotte, Jean Louis,d1923-91376314aLes Jeux de Solitude.lEspañol10aAmbición y sacrificio :bnovela /cJean Louis Cotte ; traductor, Enrique de Juan. aBarcelona :bPlaneta,c1961. a355 p. ;c19 cm. 0aLuyve910547 aTítulo original:tLes Jeux de Solitude 4aNovela francesa91075 4aLiteratura francesa910741 aJuan, Enrique de,etr.913764 001052708MOaGRbGRcHDd2009-07-25iLF1l0o843.5 C846ap4731-10r2020-06-25w2020-06-25y2ZPréstamo interno c4537d4537